[Event "Athens Acropolis op"]
[Site "Athens"]
[Date "2004.11.22"]
[Round "7"]
[White "Halkias, Stelios"]
[Black "Atalik, Suat"]
[Result "1/2-1/2"]
[WhiteElo "2541"]
[BlackElo "2526"]
[Annotator "Atalik,S"]
[PlyCount "77"]
[EventDate "2004.11.16"]
[EventType "swiss"]
[EventRounds "9"]
[EventCountry "GRE"]
[SourceTitle "CBM 103 Extra"]
[Source "ChessBase"]
[SourceDate "2005.01.01"]
[SourceVersion "1"]
[SourceVersionDate "2005.01.01"]
[SourceQuality "1"]

{'Sinner' starts the game in his usual active positional style.} 1. Nf3 Nf6 2.
c4 e6 3. Nc3 Bb4 4. g4 $5 {I did not expect this! Zvjaginsev's brainchild
finds its adherents even these days.} O-O $6 {I know that Predrag has chosen
this once or twice.} (4... h6 $142 5. Rg1 b6 {seems to be an automatic choice
of todays experts of this opening with black.} 6. Qc2 (6. h4 Bb7 7. g5 hxg5 8.
hxg5 Ne4 9. Qc2 Nxc3 10. dxc3 Bd6 $13) 6... Bb7 7. a3 Be7 8. g5 hxg5 9. Nxg5
Nh5 10. d4 Nc6 11. Nf3 Bf6 $13) 5. g5 Ne8 6. Qc2 (6. Rg1 $5 {may even be
better.} c5 7. Qc2 Nc6 8. e3 d5 9. b3 $40) 6... d5 7. e3 (7. b3 {is the
regular move.White should try to get his bishop on the diagonal as quick as
possible.} Be7 8. Rg1 Nc6 $132) 7... c5 $6 ({To insert} 7... Be7 8. Rg1 {
could be better.}) 8. cxd5 {This prevents f5.} (8. Bd3 f5 (8... dxc4 $2 9.
Bxh7+ Kh8 10. Qe4 $18) 9. cxd5 Bxc3 10. dxc3 exd5 11. c4 Nc6 12. Bd2 Be6 $132)
8... exd5 9. Bd3 Bxc3 $1 {This makes white to lose time.} (9... f5 10. Nxd5)
10. Qxc3 $1 {'Sinner' comes up with the right recapture.Expecting this I came
up with a double pawn sacrifice.} (10. Bxh7+ $2 Kh8 11. dxc3 g6 12. Bxg6 fxg6
13. Qxg6 Qe7 $17) (10. dxc3 $6 g6 11. c4 Nc6 12. Bd2 Bg4 13. Be2 dxc4 14. Qxc4
Bxf3 15. Bxf3 Ne5 $132) (10. bxc3 f5 11. c4 Be6 $40) 10... c4 11. Bb1 Nc6 12.
b3 d4 $8 {I am not very proud of this continuation since the resulting
positions are probably still difficult for black but what to do this was
planned.} 13. Qxc4 Bg4 $1 {This is the point in black's game.} (13... Nd6 $2
14. Qc5 $16) 14. Nxd4 ({He could have interpolated} 14. Qd3 g6 15. Nxd4 (15.
Qe4 $6 Bf5 16. Qf4 Bxb1 17. Rxb1 dxe3 18. Ba3 Ng7 19. Bxf8 Qd3 20. Rc1 exd2+
21. Nxd2 Rxf8 22. Rc4 $8 Rd8 23. Qe3 Qd5 24. Re4 Nb4 25. Ke2 Qc6 $1 $44) 15...
Nxd4 16. Qxd4 Qxd4 17. exd4 Nc7 $44 {but this looks similar to the game
continuation and I would not say that g6 is useless.}) 14... Nxd4 15. Qxd4 Qxd4
16. exd4 Nc7 $1 {and this was the last important move down in my sacrificial
line. I wanted to be quick to prevent Rg1-g3-e3.} (16... Bf3 $6 17. Rg1 $1 (17.
O-O Nc7 18. d3 Ne6 19. Be3 f6 20. h4 Rad8 21. gxf6 Rxf6 22. Kh2 Rd5 $44) 17...
Nd6 18. Rg3 (18. d3 Nf5) 18... Rfe8+ 19. Kf1 Bd5 20. Re3 Ne4 21. d3 Nc3 22. Bc2
$16) (16... Rc8 $2 17. Ba3 Nc7 18. f3 $18 {does not work for black .}) 17. Be4
$6 {During the game I was really impressed by this move since somehow
calculating the line in the beginning this somehow did not catch my eye.} ({
However probably} 17. O-O $142 $1 {is better.} Bf3 (17... Ne6 $6 18. Be4 Nxg5
19. Bxb7 Bf3 20. Bxf3 Nxf3+ 21. Kg2 Nxd4 22. Bb2 $16) (17... Rfe8 $5 18. Bb2
Bh3 19. Rc1 Nd5 (19... Ne6 20. Be4 Re7 21. d5 Nxg5 22. Bh1 $16) 20. Bd3 Nf4 21.
Bc4 Ne2+ 22. Bxe2 Rxe2 23. Rc3 Be6 $14) 18. Re1 Ne6 19. h4 Nxd4 20. Bb2 Rad8
21. Kf1 Bc6 $44) 17... Rae8 $1 {After a long thought and some cusses I could
have constructed the defence!} 18. d3 Bf3 19. O-O $5 {He has played this a
little bit too fast.} ({I was pondering more about} 19. Rg1 Bxe4 20. dxe4 Rxe4+
21. Be3 Nd5 (21... f5 22. gxf6 Rxf6 23. Rg5) 22. Kd2 f5 23. gxf6 Rxf6 24. Rg5
Rd6 25. Rc1 (25. Re5 Rh4) 25... b6 (25... Rh4 $2 26. Rc5 Nxe3 27. fxe3 Rxh2+
28. Kd3 Rd7 29. e4 $1 $16 {and the center walks.}) 26. Rc8+ (26. Re5 Rh4) 26...
Kf7 27. Kd3 Re7 $14) 19... Bxe4 20. dxe4 Rxe4 21. Be3 Nd5 $44 {My blockus on
d5 is the main trump in the position.} 22. Rfe1 (22. Rac1 b6) 22... f6 $6 {
I was psychologically pumped up after my double pawn sacrifice but instead of
the text I could have won back my pawn.} (22... Rfe8 23. Bd2 (23. Kg2 $1 Nxe3+
(23... Kf8 24. Kf3 Rh4 25. Kg3 Rhe4 26. Rac1 b6 $44) 24. Rxe3 Rxe3 25. fxe3
Rxe3 26. Rc1 Kf8 27. d5 b6 $14 28. d6 Ke8 29. Rc8+ Kd7 30. Rc7+ Kxd6 31. Rxa7
Ke6 32. Ra6 Kf5 33. Rxb6 Re2+ 34. Kg3 Rxa2 35. Rb7 $11) 23... Kf8 24. Rxe4 Rxe4
$11) 23. gxf6 Rxf6 {This explains my choice on the 17th move for the other
rook on e8.} 24. Rac1 h6 $6 {There is nothing wrong with blacks position even
after that but I was trying to keep both rooks in the game which did not
happen after my move in the game.} (24... Kf7 25. Rc8 Rfe6 26. Rb8 b6 27. Rb7+
Re7 28. Rxe7+ Rxe7 $11) (24... Rg4+ $6 25. Kh1 (25. Kf1 Nxe3+ 26. Rxe3 Rxd4 27.
Rc7 Rd2 28. Re8+ Rf8 29. Rxf8+ Kxf8 30. a4 Rb2 31. Rxb7 a5 32. h4 $1 $16 g6
$140 33. h5 gxh5 34. Rxh7 Rxb3 35. Rxh5) 25... Nxe3 26. fxe3 Rf2 27. Rf1 $1 $18
{is what I have seen in the game.}) 25. Rc8+ Kf7 {Sad but what else to do?} (
25... Kh7 26. Rd8 Rg4+ 27. Kf1 Rf5 28. Rd7 b6 29. Rxa7 Nxe3+ 30. Rxe3 Rxd4 31.
Ree7 Rg5 $16) 26. Rd8 Rf5 27. Rd7+ Re7 28. Rxe7+ Nxe7 29. Rc1 $1 $138 ({
He can not make use of my knights position combined with the momentarily
undefended queenside.} 29. d5 Rxd5 30. Bxa7 Ra5 31. Bd4 Nc6 $11) 29... Nc6 $2 {
A very bad move which looked great in the game.} (29... Nd5 30. Rc8 Ke6 $44)
30. h4 $2 {He also did not have much time to calculate} (30. Rc5 $1 {would
have posed terrible problems.} Rxc5 (30... Ke6 31. Rxf5 Kxf5 32. d5 Nb4 33.
Bxa7 Nxa2 34. Bc5 g6 35. Bf8 h5 36. Kg2 Nc3 37. d6 Ke6 38. Kf3 Nb5 39. Kf4 $16
Nd4 40. b4 b5 41. Kg5 Kf7 42. Be7 Nf3+ 43. Kf4) 31. dxc5 Nb4 (31... Ke6 32. Kg2
Kd5 33. Kf3 $18) 32. a4 $1 (32. a3 $6 Nc2 33. a4 a5 (33... Nxe3 $2 34. fxe3 Ke6
35. Kf2 Kd5 36. Kf3 g6 (36... Kxc5 37. Ke4 Kd6 38. Kf5 $16)) 34. Bd2 Nd4 35.
Bxa5 Nxb3 36. Bb6 Nd4 $11) 32... Ke6 33. h4 $1 h5 (33... Kd5 $2 34. h5 a5 35.
Bd2 Nc6 36. Bc3 Nd4 37. Bxa5 Nxb3 38. Bc3 Nd4 39. Kg2 Kc4 (39... Kxc5 40. Kh3
$16) 40. Bb2 Ne6 41. Kg3 Kxc5 42. Kg4 $18) 34. Kf1 (34. Kg2 Kf5 35. Kf3 Nc6 $11
) 34... Kd5 35. Ke2 Nc6 36. Kf3 Ke5 $11) 30... Rd5 $1 31. Kh2 Ke6 32. Rg1 (32.
Rc4 Kd6) 32... Rd7 33. Kh3 (33. h5 Kf6 34. Rd1 Rd5 35. Kg3 Kf5 36. f3 Ne7 37.
Rc1 Rd7 $11 {and black is ready for Nd5-f6.}) 33... Nb4 $1 {Back in blockus.}
34. a3 (34. d5+ Kxd5 35. Rd1+ Ke6 36. Rxd7 Kxd7 37. Bxa7 Nxa2 38. Bd4 g6 $11)
34... Nd5 $14 {Now I was sure that I could hold this position or maybe even
more.} 35. Kg4 Rc7 36. Kf3 Kf5 37. Rg4 a6 $1 {I have to remove queenside pawns
then I can start my own attack.} 38. Rg1 (38. Re4 Re7 $1 {Since a pawn is not
on a7 anymore this is possible.} 39. Rxe7 Nxe7 40. a4 b5 41. axb5 axb5 $11 {
and white's king can not even dream to break through.}) 38... b5 39. Rc1 $6 {
The 'Sinner' had enough and he wanted to end the game!} (39. Rc1 Rxc1 40. Bxc1
h5 (40... g5 41. hxg5 hxg5 $11) 41. Bd2 g6 42. Be3 $11) (39. a4 $142 $5 {
Objectively it is still a draw but he could have tried.} Nf6 40. axb5 axb5 41.
Ke2 Nd5 42. Bd2 Nf6 43. Kd3 Nd5 $14) 1/2-1/2

[Event "Horgen"]
[Site "Horgen"]
[Date "1995.10.31"]
[Round "10"]
[White "Ehlvest, Jaan"]
[Black "Kortschnoj, Viktor Lvovich"]
[Result "1-0"]
[WhiteElo "2630"]
[BlackElo "2635"]
[Annotator "Baburin,A"]
[PlyCount "87"]
[EventDate "1995.10.??"]
[EventType "tourn"]
[EventRounds "11"]
[EventCountry "SUI"]
[EventCategory "17"]
[SourceTitle "CBM 050"]
[Source "ChessBase"]
[SourceDate "1996.02.01"]
[SourceVersion "1"]
[SourceVersionDate "1996.02.01"]
[SourceQuality "1"]

1. Nf3 Nf6 2. c4 e6 3. Nc3 Bb4 4. g3 O-O 5. Bg2 d5 6. Qb3 c5 7. O-O Nc6 8. d3
Bxc3 9. Qxc3 d4 10. Qa3 Qb6 11. Bf4 Re8 12. Ne5 Nh5 {[#]} 13. Bxc6 {The point
behind this move is the same: compromising the opponents pawn formation and
making his Bishop passive.} bxc6 14. Bd2 a5 15. Qa4 Ra6 16. Qd1 f6 17. e4 g6
18. Ng4 e5 19. Rb1 Ra7 20. f4 exf4 21. gxf4 Bxg4 22. Qxg4 Kh8 23. f5 Rg7 24.
Kh1 Qc7 25. Rf3 a4 26. Rbf1 Qf7 27. Rh3 Qd7 28. Qf3 Rb8 29. Bc1 Rbg8 30. Bh6
Re7 31. Rh4 Qe8 32. Rh3 Rb7 33. Bc1 Rbg7 34. Bd2 Qc8 35. Rg1 Qe8 36. Bh6 Rb7
37. Rg2 Ra7 38. Bd2 Rag7 39. Bh6 Ra7 40. Rh4 Rb7 41. Rhg4 Qe5 42. Qh3 a3 43. b3
Ra8 44. Rg1 1-0

[Event "Moscow"]
[Site "Moscow"]
[Date "1981.04.??"]
[Round "6"]
[White "Smejkal, Jan"]
[Black "Smyslov, Vassily V"]
[Result "1/2-1/2"]
[WhiteElo "2535"]
[BlackElo "2545"]
[Annotator "Belov,I"]
[PlyCount "84"]
[EventDate "1981.04.08"]
[EventType "tourn"]
[EventRounds "13"]
[EventCountry "URS"]
[EventCategory "15"]
[SourceTitle "MCL"]
[Source "ChessBase"]
[SourceDate "1999.07.01"]
[SourceVersion "1"]
[SourceVersionDate "1999.07.01"]
[SourceQuality "1"]

1. c4 Nf6 2. Nc3 e6 3. Nf3 Bb4 4. Qc2 O-O 5. a3 Bxc3 6. Qxc3 b6 7. b3 (7. b4
Bb7 8. Bb2 Qe7 (8... d6 9. g3 c5 10. Bg2 Nbd7 11. O-O Qc7 12. d3 Rfc8 13. Rfc1
e5 14. Bh3 $1 $14 {Illeskas Cordoba,M-Karpov,An/Wijk aan Zee(m/1)/1993/0,5 (41)
Inf 56/21/}) 9. g3 c5 $5 10. Bg2 Nc6 11. bxc5 bxc5 12. O-O Rab8 13. Rab1 Ba8
$10 {Illeskas Cordoba,M-Karpov,A/Wijk aan Zee(m/3)/1993/0,5 (46) Inf 56/22/})
7... Bb7 (7... c5 8. Bb2 Bb7 9. e3 d6 10. Be2 Nbd7 11. O-O Re8 12. Rfe1 $1 e5
13. d4 $1 $14 {Belov,I-Kiselev,S/Podolsk/1991/0:1 (36) Inf 54/(17)/}) 8. Bb2 d6
9. e3 Nbd7 (9... e5 10. Be2 c5 11. O-O Re8 12. Rae1 Ne4 13. Qc2 Ng5 14. Qf5
Nxf3+ 15. Bxf3 Bxf3 16. Qxf3 Nd7 17. d4 Qf6 $10 {Kramnik,V-Korchnoi,V/Luzern/
1993/Inf 59/(19)/}) 10. Be2 e5 11. d4 Ne4 $6 (11... Re8 $5 12. O-O c5) 12. Qc2
Qe7 (12... Ng5 13. dxe5 Nxf3+ 14. gxf3 dxe5 (14... Nxe5 15. Rg1 $36) 15. O-O-O
$1 $16) 13. O-O Ng5 (13... Rae8 14. d5 f5 15. Ne1 g6 $14) 14. Nxg5 Qxg5 15. d5
$16 f5 (15... Qe7 16. f4 $1 Rfe8 17. Bd3 e4 18. Be2 a5 19. Qc3 $16 {Ftacnik,
L-Prandstetter,E/Bratislava/1983/}) (15... Rae8 16. f4 Qh6 17. Rf3 f5 18. Raf1
Nc5 19. b4 Ne4 20. Rh3 Qf6 21. Bd3 $16 {Vyzmanavin,A-Rozentalis,E/Minsk/1982/})
16. f4 Qg6 (16... exf4 $6 17. exf4 Qg6 18. Rf3 Qf7 19. Rg3 g6 20. h4 $16) 17.
Rf3 $1 (17. Rae1 e4 $14) 17... Rae8 18. Raf1 Bc8 {>< f5/} 19. Rg3 Qf7 20. e4 $1
Nc5 $8 (20... fxe4 21. fxe5 Qe7 22. exd6 $18) (20... exf4 21. Rxg7+ $18) 21.
fxe5 dxe5 (21... Nxe4 $2 22. e6 $18) 22. exf5 Bxf5 23. Qd1 Qe7 24. b4 $6 (24.
Re3 $1 e4 25. Rg3 $18) 24... Ne4 $1 25. Re3 {/\ Rf5/} Bg6 (25... Qg5 26. Qc1)
26. Bf3 Nd6 27. Rxe5 Qh4 $1 28. c5 Nc4 29. Rxe8 Rxe8 30. Qd4 (30. Bc1 Ne5 31.
Be2 bxc5 32. bxc5 Nd3 $1 $132) 30... Qxd4+ 31. Bxd4 bxc5 32. bxc5 Nd2 33. Rd1
Nxf3+ 34. gxf3 a6 $14 35. Bc3 Re3 36. Ba5 Rxa3 37. Bxc7 Rd3 $1 38. Rc1 (38.
Rxd3 Bxd3 39. Kf2 Bc4 40. d6 Bb5 $10) 38... Rxd5 39. c6 Rd2 $1 40. Ra1 (40. Ba5
Rc2 $10) 40... Rc2 41. Rxa6 Be8 $10 42. Ra8 Kf7 1/2-1/2

[Event "Olympiad-32"]
[Site "Yerevan"]
[Date "1996.09.21"]
[Round "6.1"]
[White "Tisdall, Jonathan D"]
[Black "Bogdanovski, Vlatko"]
[Result "1-0"]
[WhiteElo "2515"]
[BlackElo "2460"]
[Annotator "Belov,I"]
[PlyCount "95"]
[EventDate "1996.09.15"]
[EventType "team-swiss"]
[EventRounds "14"]
[EventCountry "ARM"]
[SourceTitle "CBM 055"]
[Source "ChessBase"]
[SourceDate "1996.12.01"]
[SourceVersion "1"]
[SourceVersionDate "1996.12.01"]
[SourceQuality "1"]
[WhiteTeam "Norway"]
[BlackTeam "Macedonia"]
[WhiteTeamCountry "NOR"]
[BlackTeamCountry "MKD"]

1. Nf3 Nf6 2. c4 e6 3. Nc3 Bb4 4. g3 O-O 5. Bg2 d5 6. O-O Nbd7 (6... Nc6 7. a3
Bxc3 8. bxc3 dxc4 9. Qa4 Bd7 10. Qxc4 Na5 11. Qa2 Ba4 12. Rb1 c5 13. c4 Re8 14.
d3 e5 $10 {Geller,E-Velimirovic,D/Moscow izt/1982/1:0/42/}) (6... d4 $5 7. Na4
Be7 8. d3 c5 9. e4 Nc6 10. e5 Nd7 11. Re1 Qc7 12. Bf4 b6 $10 {Korchnoi,
V-Romanishin,O/Barcelona/1992/0:1/37/}) (6... dxc4 7. Qa4 Nc6 $5) 7. cxd5 exd5
8. Qb3 $5 (8. d4 b6 9. Bf4 Bb7 10. Qc2 Re8 11. Rfe1 $14) 8... Qe7 9. a3 Bxc3
10. Qxc3 c5 11. d3 $5 (11. d4 Qxe2 (11... b6 12. Bf4 Bb7 13. Rfe1 Rac8 $10) 12.
dxc5 Ne4 13. Qd4 Ndxc5 14. Qxd5 Be6 $10) 11... a5 (11... d4 12. Qc2 a5 13. Bd2
a4 14. b4 axb3 15. Qxb3 $14) (11... Qxe2 $4 12. Re1 $18) (11... b6 12. b4 Bb7
13. Bb2 d4 14. Qd2 $14) 12. Re1 b6 (12... d4 $32) 13. e4 $1 dxe4 (13... d4 14.
Qc2 Bb7 15. Nh4 $36) 14. dxe4 Bb7 15. Nh4 Rfe8 (15... g6 16. Bg5 Qe6 17. Rad1
$16) 16. Bf4 $5 $16 (16. Nf5 Qe5 17. Qxe5 Nxe5 18. Nd6 Re7 19. Nxb7 Rxb7 20.
Bf4 Nfd7 (20... Nd3 21. e5 Nxe1 22. Bxb7 Ra7 23. exf6 Rxb7 24. Rxe1 $18) 21.
Rad1 f6 $14) 16... g6 (16... Nf8 17. Nf5 Qe6 18. Nd6 $16) 17. Rad1 Nh5 (17...
Nf8 18. Bg5 N8d7 19. Rxd7 $18) (17... Rad8 18. e5 $18) 18. Nf5 $1 gxf5 $8 19.
exf5 Qxe1+ (19... Qf6 20. Bxb7 $18) 20. Rxe1 Bxg2 21. Kxg2 Nxf4+ 22. gxf4 Rxe1
(22... Red8 23. Kf3 Rac8 24. Rg1+ Kf8 25. Qh8+ $18) 23. Qxe1 Kf8 24. Qe4 Re8 (
24... Rc8 25. Qb7 Rd8 26. f6 $18) 25. Qc6 Ke7 26. f6+ $1 Nxf6 (26... Kd8 27.
Qa8+ $18) 27. Qxb6 Nd7 28. Qxa5 $18 Rb8 29. Qc3 Rb6 30. a4 $1 (30. b4 $2 cxb4
31. axb4 Rf6 $10) 30... Rg6+ 31. Kf1 Rh6 32. h3 Kd8 33. Qc4 (33. a5 $5) 33...
Rxh3 34. Qxf7 Rh6 35. Qc4 Rb6 36. b3 Kc7 37. f5 (37. a5 Rc6 38. f5 $18) 37...
Rb4 38. Qf7 c4 39. bxc4 Rxa4 40. Qe6 Ra5 41. f4 Rc5 42. Ke2 Rc6 43. Qf7 h6 44.
Ke3 Rf6 45. Qd5 Rc6 46. Qa5+ Kb7 (46... Kc8 47. Kd4 Rc7 48. Qa8+ Nb8 49. f6 $18
) 47. Qd8 Rd6 48. c5 1-0

[Event "Moscow"]
[Site "Moscow"]
[Date "1981.04.??"]
[Round "2"]
[White "Smejkal, Jan"]
[Black "Portisch, Lajos"]
[Result "0-1"]
[WhiteElo "2535"]
[BlackElo "2650"]
[Annotator "Belov,I"]
[PlyCount "116"]
[EventDate "1981.04.08"]
[EventType "tourn"]
[EventRounds "13"]
[EventCountry "URS"]
[EventCategory "15"]
[SourceTitle "MCL"]
[Source "ChessBase"]
[SourceDate "1999.07.01"]
[SourceVersion "1"]
[SourceVersionDate "1999.07.01"]
[SourceQuality "1"]

1. c4 c5 2. Nf3 Nf6 3. Nc3 e6 4. g3 b6 5. e4 Bb7 6. d3 d6 (6... d5 $6 7. cxd5
exd5 8. e5 Nfd7 9. d4 $16) (6... Nc6 7. Bg2 Be7 8. O-O O-O 9. d4 cxd4 10. Nxd4
Qc7 11. b3 a6 12. Bb2 $14) 7. Bg2 g6 $5 (7... Be7 8. O-O O-O 9. Re1 $14) 8. b3
(8. O-O Bg7 9. Ne1 {/\ e5/} Nc6 10. f4 O-O 11. Nf3 $13) 8... Bg7 9. Bb2 a6 10.
O-O O-O 11. Qd2 (11. Re1 e5 12. Nd5 Nc6 $10) 11... Nc6 12. Nh4 Nd7 (12... e5 $5
) 13. f4 Rb8 14. Rad1 (14. Ne2 $5) 14... Re8 15. Ne2 Bxb2 16. Qxb2 e5 $1 17.
Bh3 (17. f5 Qg5 18. Qd2 Qxd2 19. Rxd2 g5 20. Nf3 f6 $10) (17. Nf3 $5 exf4 $140
18. gxf4 $13) 17... exf4 18. Nxf4 Nd4 19. Nf3 (19. Bxd7 $5 Qxd7 20. Nf3 $10)
19... Nxf3+ 20. Rxf3 Ne5 21. Rf2 b5 22. cxb5 axb5 23. d4 cxd4 24. Qxd4 Qc7 $1
25. Qxd6 $6 (25. Bg2 $142 $10 {/\ Rfd2/}) 25... Qc3 $1 26. Nd5 Bxd5 27. Qxd5
Qe3 $1 28. Kf1 {/\ Qd4/} (28. Qd4 $2 Nf3+ $19) 28... Rbd8 $1 29. Qxd8 $8 Rxd8
30. Rxd8+ Kg7 31. Rd1 (31. Bg2 $6 Nd3 32. Re2 $2 Qc1+ $19) 31... b4 $1 $17 32.
Re1 Qd4 33. Bc8 (33. Kg2 Nd3 $19) 33... Qd3+ 34. Ree2 (34. Kg2 $2 Qc3 $19)
34... Qb5 $1 35. Kg2 (35. Kg1 Nd3 36. Rf3 Qc5+ 37. Kg2 Ne5 $19) 35... Nd3 $1
36. Bg4 (36. Rf1 Nf4+ 37. Rxf4 Qxe2+ $19) 36... Nxf2 37. Kxf2 Qe5 38. Bf3 Kf6
39. Kg2 Ke7 40. Rd2 Qc3 41. Re2 f6 42. e5 $6 (42. Kf2 $142 $17) 42... f5 $19
43. e6 Qd4 44. h4 h6 45. Kf1 g5 46. hxg5 hxg5 47. Bg2 g4 48. Bb7 Qd3 49. Kf2
Qb5 50. Bg2 Qc5+ 51. Kf1 Qc3 52. Kf2 f4 $1 53. gxf4 g3+ 54. Kg1 (54. Kf1 Qc1+
55. Re1 Qxf4+ 56. Kg1 Qf2+ $19) 54... Qd4+ $1 55. Kf1 Qxf4+ 56. Kg1 Qd4+ 57.
Kf1 Qa1+ 58. Re1 Qf6+ 0-1

[Event "Rakvere Keres Memorial"]
[Site "Rakvere"]
[Date "1993.??.??"]
[Round "2"]
[White "Yermolinsky, Alex"]
[Black "Rozentalis, Eduardas"]
[Result "0-1"]
[WhiteElo "2605"]
[BlackElo "2600"]
[Annotator "Belov,I"]
[PlyCount "110"]
[EventDate "1993.09.??"]
[EventType "tourn"]
[EventRounds "10"]
[EventCountry "EST"]
[EventCategory "15"]
[SourceTitle "CBM 038"]
[Source "ChessBase"]
[SourceDate "1994.02.01"]
[SourceVersion "1"]
[SourceVersionDate "1994.02.01"]
[SourceQuality "1"]

1. Nf3 {Ribli} Nf6 2. c4 e6 3. Nc3 Bb4 4. g3 b6 (4... O-O 5. Bg2 d5 6. a3 (6.
O-O $6 d4 7. Na4 Be7 8. d3 c5 9. e4 Nc6 10. e5 Nd7 11. Re1 Qc7 12. Bf4 b6 $15 {
Korchnoi,V-Romanishin,O /Barselona/1992 Inf 54/16/}) 6... Bxc3 7. dxc3 Nbd7 8.
cxd5 exd5 9. O-O c6 10. Qc2 Nb6 11. a4 Re8 12. b3 Bg4 13. a5 Nbd7 14. a6 b6 $10
{Adorjan,A-Romanishin,O /Polanica Zdroj/1991/}) (4... Bxc3 5. bxc3 b6 6. d3 Bb7
7. e4 d6 8. Bg2 c5 9. O-O O-O 10. Nh4 Nc6 $6 (10... Ne8 $5 11. f4 f5 $10) 11.
f4 Ne8 12. f5 $1 exf5 13. Nxf5 Ne5 14. Bf4 $14 {Ribli,Z-Razuvaev,Y /BRD/1992
Inf 54/15/}) 5. Bg2 Bb7 6. d3 $5 (6. O-O O-O 7. Qc2 Re8 (7... Qe7 $5 8. b3 Bxc3
9. Qxc3 c5 10. Bb2 d5 11. d3 Rd8 $10 {Lobron,E-Karpov,A /Dortmund/1993 Inf 57/
15/}) 8. Rd1 $1 d6 9. d4 Bxc3 10. Qxc3 Nbd7 11. b3 a6 12. Bb2 b5 13. Rac1 Nb6
14. Ba3 $1 $14 {Timman,J-Karpov,A /Linares/1993 Inf 57/14/}) 6... O-O 7. e4 d5
8. e5 Nfd7 9. cxd5 Bxd5 (9... exd5 10. d4 $14) 10. O-O Bxc3 11. bxc3 Nc6 $1 (
11... c5 12. d4 Nc6 13. Ng5 $1 Bxg2 14. Kxg2 cxd4 15. cxd4 Ndb8 16. Qd3 $1 Qd5+
17. f3 g6 18. Rd1 $14 {Gavrikov,V-Rozentalis,E /Biel/1990 Inf 50/11/}) 12. d4
f6 13. exf6 $5 $146 (13. Qc2 $5 fxe5 14. Ng5 Nf6 15. Nxe6 Bxe6 16. Bxc6 exd4 $1
17. Rd1 $1 Bd7 $6 (17... Bd5 $1 18. Rxd4 Bxc6 $1 $10 {Ribli/}) 18. Bxa8 Qxa8
19. cxd4 Nd5 20. Re1 $14 {Ribli,Z-Rozentalis,E /BRD/1993 Inf 57/12/}) (13. Qc2
$1 $14 {Ribli Ribli,Z-Rozentalis,E/BL9293/INF57,12/}) 13... Qxf6 14. Ne1 (14.
Bf4 Rae8 15. Ne1 (15. Ng5 Bxg2 16. Kxg2 Qf5) 15... Bxg2 16. Nxg2 e5 17. dxe5
Ndxe5 $15) 14... Na5 (14... Rad8 {Ribli} 15. Bxd5 exd5 16. Bf4 $13) 15. Bf4 c6
16. Nd3 Nc4 17. Re1 (17. Qe2 $5) (17. a4 $5) 17... Rae8 18. Qe2 Qg6 (18... g5 {
Ribli} 19. Be5 Qf5 20. Rad1 $13) 19. h4 $6 (19. a4 $5) 19... Bxg2 20. Kxg2 Nf6
$15 21. Rac1 Nd5 22. Kh2 (22. Be5 $5 {Ribli}) 22... b5 23. Be5 (23. Rc2 $5 {
/\Bc1/} Na3 24. Rcc1) 23... Qf5 24. Kg2 Rf7 25. Qe4 a5 26. g4 $6 (26. Re2 $5)
26... Qxe4+ 27. Rxe4 Ref8 28. Bg3 (28. Ree1 Rf3 29. Red1 Nxe5 30. dxe5 $8 Rxd3
31. Rxd3 Nf4+ $19) (28. f4 $2 {Ribli} Nxe5 $1 $17) 28... Rf3 $17 29. Nc5 $8 (
29. Ne5 {Ribli} Rxc3 30. Rxc3 Nxc3 $19) 29... Nxc3 $1 (29... Rxc3 30. Rxc3 (30.
Rce1 {Ribli} Rc2 31. Rxe6 (31. Nxe6 Nc3 $17) 31... Rxa2 32. Rxc6 $13) 30...
Nxc3 31. Rxe6 Nxa2 32. Rxc6 Nb4 33. Rc7 $13) 30. Rxe6 Nxa2 $5 31. Ra1 Nb4 (
31... Ra3 {Ribli} 32. Rxc6 $13) 32. Nd7 Rd8 $8 33. Kxf3 (33. Ne5 Rf6 34. Rxf6
gxf6 35. Nxc4 bxc4 36. Rxa5 c3 $17) 33... Rxd7 $17 34. Re8+ Kf7 35. Ra8 a4 (
35... Rxd4 $6 36. Ra7+ Kf6 37. g5+ Kg6 38. Re1 $13) 36. Be5 (36. h5 $5) 36...
Ke6 (36... Nc2 {Ribli} 37. Rc1 Nxd4+ 38. Bxd4 Rxd4 39. Ra7+ Kf6 $15) 37. Ke4
Nd2+ 38. Ke3 Nb3 (38... Nc2+ {Ribli} 39. Kxd2 Nxa1 40. f4 $13) 39. Rd1 Kd5 40.
f4 Kc4 41. Ke4 (41. f5 a3 42. Rxa3 Nc2+ $19) 41... g6 (41... Nd5 $1 $17 {Ribli}
) 42. f5 Nd5 43. Kf3 $8 (43. Rh1 Nd2#) 43... b4 44. g5 $6 (44. fxg6 $5 hxg6 45.
g5) 44... Rf7 $1 (44... a3 $6 45. fxg6 hxg6 46. h5 $132) 45. f6 a3 $19 46. Rg8
a2 47. Rg7 Nd2+ $1 48. Kg3 (48. Rxd2 a1=Q 49. Rxf7 Qc3+ 50. Ke2 Qe3+ 51. Kd1
Nc3+ 52. Kc2 b3+ $19) 48... Nb1 49. Rc1+ (49. Rxf7 {Ribli} a1=Q 50. Rxh7 Qc3+
$19) 49... Kd3 50. Rxf7 a1=Q 51. Rxh7 Qa3 $1 52. f7 (52. Rxb1 {Ribli} Ke4+ 53.
Kh2 Qa2+ $19) 52... Ke4+ 53. Kh2 Qb2+ 54. Kg3 Ne3 55. Rg1 Nc3 (55... Nc3 56.
f8=Q Ne2+ 57. Kh2 Nxg1+ 58. Kxg1 Qg2#) 0-1

[Event "EU-chT (Men) 10th"]
[Site "Debrecen"]
[Date "1992.11.??"]
[Round "6.3"]
[White "Greenfeld, Alon"]
[Black "Romanishin, Oleg M"]
[Result "1/2-1/2"]
[WhiteElo "2520"]
[BlackElo "2595"]
[Annotator "Bulletin"]
[PlyCount "44"]
[EventDate "1992.11.20"]
[EventType "team-swiss"]
[EventRounds "9"]
[EventCountry "HUN"]
[SourceTitle "EU-chT"]
[Source "ChessBase"]
[SourceDate "1999.07.01"]
[SourceVersion "2"]
[SourceVersionDate "1999.07.01"]
[SourceQuality "1"]
[WhiteTeam "Israel"]
[BlackTeam "Ukraine"]
[WhiteTeamCountry "ISR"]
[BlackTeamCountry "UKR"]

1. Nf3 Nf6 2. c4 e6 3. Nc3 Bb4 4. g3 O-O 5. Bg2 d5 6. a3 Bxc3 7. dxc3 Nbd7 8.
cxd5 exd5 9. O-O Re8 10. Qc2 Qe7 $5 (10... c6 11. Bf4) 11. Bf4 c6 12. Rfe1 Ne4
13. Nd2 Ndf6 14. Nxe4 Nxe4 15. Bxe4 Qxe4 16. Qxe4 Rxe4 17. Rad1 f6 18. f3 Re8
19. e4 dxe4 20. Rxe4 Bf5 21. Rxe8+ Rxe8 22. Kf2 Kf7 1/2-1/2